000 01593nam0a2200313 4500
001 RU\NLR\bibl\801627
005 20260406071845.0
010 _a5-98466-033-4
_93000
021 _aRU
_b2005-2166
_9107
035 _a(NLR Aleph) 000790795
090 _a1120413
_c1120413
100 _a20050519d2005 |||y0rusy50 ca
101 0 _arus
102 _aRU
105 _ay |||||||||
200 1 _aРусский язык
_eтетрадь для самостоятельных и контрольных работ
_e9 класс
_eк учебнику: С.Г. Бархударов "Русский язык. 9 класс"
_fН.Н. Соловьева
210 _aМосква
_cМатерик-Альфа
_d2005
215 _a55 с.
_d20
300 _aВ вып.дан. авт.: Соловьева Н.Н., к.филол.н., доц., чл.-корр Междунар. акад. наук пед. образования
605 _aРусский язык: учебник для 9 класса общеобразовательных учреждений
_2psbo
606 1 _aРусский язык
_jРабочие тетради для средней школы
_91533567
_3RU\NLR\auth\66969347
686 _aШ141.12-922.1[9]
700 1 _4070
_8rus
_7ca
_aСоловьёва
_bН. Н.
_cпедагог, русский язык
_gНаталья Николаевна
_3RU\NLR\AUTH\7729116
_912145
801 0 _aRU
_bNLR
_c20050519
_grcr
801 1 _aRU
_bNLR
_c20050519
830 _aАвт. по кн
942 _cBOOK
980 _aNB